| 000 | 00658nam a2200181 4500 | ||
|---|---|---|---|
| 008 | 160914b xxu||||| |||| 00| 0 eng d | ||
| 020 | _a0-8493-0709-0 | ||
| 082 |
_22000 _aDC 363.252 _bm26c |
||
| 100 |
_914566 _aMadinger, John |
||
| 245 |
_aConfidential informant: _blaw enforcement's most valuable tool/ _cJohn Madinger. |
||
| 260 |
_aBoca Raton: _bCRC Press, _cc2000. |
||
| 300 |
_axv, 331 pages; _c26 cm. |
||
| 500 | _aIncludes bibliographical references and index. | ||
| 650 | 0 |
_914567 _aInformers _zUnited States |
|
| 650 | 0 |
_914568 _aCriminal investigation _zUnited States |
|
| 650 | 0 |
_914569 _aLaw enforcement _zUnited States |
|
| 942 |
_2ddc _cDC |
||
| 999 |
_c4522 _d4522 |
||